000 00669cam a2200145 4500500
005 20260111094241.0
041 _afre
042 _adc
100 1 0 _aLenhof, Jean-Louis
_eauthor
245 0 0 _aLucien Bianco, Peasants without the Party. Grass-roots Movements in Twentieth-Century China, Armonk (New York, U.S.A.) and London (England), M. E. Sharpe, coll. « Asia and the Pacific series », 2001, 312 p.
260 _c2003.
500 _a12
786 0 _nHistoire & Sociétés Rurales | 19 | 1 | 2003-03-01 | p. 253zh-342zh | 1254-728X
856 4 1 _uhttps://shs.cairn.info/revue-histoire-et-societes-rurales-2003-1-page-253zh?lang=fr&redirect-ssocas=7080
999 _c1628421
_d1628421